000 00400nam a2200157 4500
999 _c1178
_d1178
008 200113b ||||| |||| 00| 0 eng d
020 _a0340115394
082 0 0 _a620.1
_bW1772
100 _9763
_aWalker, J. D.
245 1 0 _aApplied Mechanics in SI Units
_cby J D Walker
250 _a4th ed.
260 _aLondon
_bEUP
_c1972
300 _ax, 222 p.
650 0 _aApplied Mechanics
942 _2ddc
_cBK